Modificaciones sustantivas al Código Aeronáutico a 67 años de su vigencia. Los DNU 70-2023 y 941-2024 / (Registro nro. 5281)
[ vista simple ]
| 000 -LEADER | |
|---|---|
| fixed length control field | 01238nab a22002657a 4500 |
| 003 - CONTROL NUMBER IDENTIFIER | |
| control field | OSt |
| 005 - DATE AND TIME OF LATEST TRANSACTION | |
| control field | 20250213124429.0 |
| 008 - FIXED-LENGTH DATA ELEMENTS--GENERAL INFORMATION | |
| fixed length control field | 190604e xxu||||| |||| 00| 0 spa d |
| 040 ## - CATALOGING SOURCE | |
| Transcribing agency | PJ |
| 100 ## - MAIN ENTRY--PERSONAL NAME | |
| 9 (RLIN) | 6338 |
| Personal name | Capaldo, Griselda D. |
| 245 10 - TITLE STATEMENT | |
| Title | Modificaciones sustantivas al Código Aeronáutico a 67 años de su vigencia. Los DNU 70-2023 y 941-2024 / |
| Statement of responsibility, etc | Griselda D. Capaldo. |
| 260 ## - PUBLICATION, DISTRIBUTION, ETC. (IMPRINT) | |
| Place of publication, distribution, etc | Ciudad Autónoma de Buenos Aires : |
| Name of publisher, distributor, etc | Thomson Reuters La Ley, |
| Date of publication, distribution, etc | 2025. |
| 300 ## - PHYSICAL DESCRIPTION | |
| Extent | p. 5-15 |
| 500 ## - GENERAL NOTE | |
| General note | Cita Online: LA LEY AR/DOC/132/2024. |
| 505 ## - FORMATTED CONTENTS NOTE | |
| Formatted contents note | Sumario: I. Introducción.— II. El DNU 70/2023.— III. El DNU 941/2024.— IV. Problemas de técnica legislativa y de coherencia legal. |
| 505 ## - FORMATTED CONTENTS NOTE | |
| Title | ¿Te interesa el texto completo? Solicitalo al correo: koha@justierradelfuego.gov.ar<br/> |
| 650 #0 - SUBJECT ADDED ENTRY--TOPICAL TERM | |
| 9 (RLIN) | 200 |
| Topical term or geographic name as entry element | DECRETOS DE NECESIDAD Y URGENCIA |
| 650 #0 - SUBJECT ADDED ENTRY--TOPICAL TERM | |
| 9 (RLIN) | 6341 |
| Topical term or geographic name as entry element | DERECHO AERONÁUTICO |
| 650 #0 - SUBJECT ADDED ENTRY--TOPICAL TERM | |
| 9 (RLIN) | 6339 |
| Topical term or geographic name as entry element | CÓDIGO AERONÁUTICO |
| 650 #0 - SUBJECT ADDED ENTRY--TOPICAL TERM | |
| 9 (RLIN) | 200 |
| Topical term or geographic name as entry element | DECRETOS DE NECESIDAD Y URGENCIA |
| 650 #0 - SUBJECT ADDED ENTRY--TOPICAL TERM | |
| 9 (RLIN) | 6342 |
| Topical term or geographic name as entry element | AERONAVE |
| 650 #0 - SUBJECT ADDED ENTRY--TOPICAL TERM | |
| 9 (RLIN) | 6340 |
| Topical term or geographic name as entry element | TRANSPORTE AÉREO DE PASAJEROS |
| 773 0# - HOST ITEM ENTRY | |
| Host Biblionumber | 2714 |
| Host Itemnumber | 3171 |
| Place, publisher, and date of publication | Ciudad Autónoma de Buenos Aires : Thomson Reuters La Ley, 2014- |
| Title | Revista anales de legislación argentina. Nº 2 - Febrero 2025. |
| 942 ## - ADDED ENTRY ELEMENTS (KOHA) | |
| Source of classification or shelving scheme | |
| Koha item type | Analítica Artículo de Revista |
No hay ítems disponibles.
